Interpretación y argumentación jurídica

Uloženo v:
Podrobná bibliografie
Hlavní autor: Quintana Bravo, Fernando (autor)
Médium: Kniha
Jazyk:španělština
Vydáno: Santiago Jurídica de Chile 2006
Vydání:1a. ed
Témata:
Tagy: Přidat tag
Žádné tagy, Buďte první, kdo vytvoří štítek k tomuto záznamu!

MARC

LEADER 00000nam a2200000 a 4500
001 UCJ0931
003 CL-VaPUC
008 060914e20060000CL |||||||||||||||||spa|d
020 |a 9561017067 
082 0 4 |a 340.1  |b QUI  |2 21 
100 |a Quintana Bravo, Fernando  |e autor  |9 587084 
245 1 0 |a Interpretación y argumentación jurídica 
250 |a 1a. ed 
300 |a 338 p 
942 |c BK 
945 |d 20060914 00:00:00  |a jtorresc 
260 |a Santiago  |b Jurídica de Chile  |c 2006 
650 0 |a Filosofía del derecho   |9 255050 
650 0 |a Metodología jurídica  |9 394955 
650 0 |a Ordenamiento jurídico   |9 355371 
650 0 |a Interpretación jurídica  |9 380837 
650 0 |a Derecho constitucional   |9 222588 
650 0 |a Jurisprudencia  |9 255952 
583 |a last modification  |c 20140409 03:50:01  |k Rodrigo Vera 
999 |c 317669  |d 317667 
952 |0 0  |1 0  |4 0  |6 340_100000000000000_QUI_2006  |7 0  |8 A  |9 394487  |a BIBDER  |b BIBDER  |d 2019-11-22  |i 4280393  |l 1  |m 1  |o 340.1 QUI 2006  |p 4280393  |r 2024-08-21  |s 2024-06-03  |w 2019-11-22  |y BK  |k DER 
952 |0 0  |1 0  |4 0  |6 340_100000000000000_QUI_2006  |7 0  |8 A  |9 394488  |a BIBDER  |b BIBDER  |d 2019-11-22  |i 429646K  |l 1  |o 340.1 QUI 2006  |p 429646K  |r 2023-11-03  |s 2023-10-20  |w 2019-11-22  |y BK  |k DER